000
00321nam a22001457a 4500
020
_a
0-439-96073-8
082
_a
823
_b
LIN/M
100
_a
LINDSAY, ELIZABETH
245
_a
MAGIC PONY
_b
SHORT STORY
260
_a
UK
_b
SCHOLASTIC LTD
_c
2004
300
_a
122
520
_a
SHORT STORY
650
_a
SHORT STORY
942
_c
BK
999
_c
3546
_d
3546